000 00396nam a22001697a 4500
003 MPLRDC
005 20220104124702.0
008 210129b ||||| |||| 00| 0 eng d
082 _a690.33 YBQ
100 _a姚北全
245 _a广东风情
_c
250 _a第一版
260 _a
_b海峰出版社
_c1985
300 _b
650 _a中国游记--广东
942 _cBK
_o690.33 YBQ
999 _c21322
_d21312